Where angels walk : (Record no. 53480)

MARC details
000 -LEADER
fixed length control field 00524nam a22001577a 4500
008 - FIXED-LENGTH DATA ELEMENTS--GENERAL INFORMATION
fixed length control field 180903b xxu||||| |||| 00| 0 eng d
020 ## - INTERNATIONAL STANDARD BOOK NUMBER
International Standard Book Number 0963198106 (alk. paper)
050 ## - LIBRARY OF CONGRESS CALL NUMBER
Classification number BT966.2
Item number .A52 1992
100 ## - MAIN ENTRY--PERSONAL NAME
Personal name Anderson, Joan Wester
245 ## - TITLE STATEMENT
Title Where angels walk :
Remainder of title true stories of heavenly visitors /
Statement of responsibility, etc Joan Wester Anderson
260 ## - PUBLICATION, DISTRIBUTION, ETC. (IMPRINT)
Place of publication, distribution, etc Sea Cliff, N.Y. :
Name of publisher, distributor, etc Barton & Brett,
Date of publication, distribution, etc 1992
300 ## - PHYSICAL DESCRIPTION
Extent xiii, 210 p. ;
Dimensions 22 cm
500 ## - GENERAL NOTE
General note Includes bibliographical references
650 ## - SUBJECT ADDED ENTRY--TOPICAL TERM
Topical term or geographic name as entry element Angels
942 ## - ADDED ENTRY ELEMENTS (KOHA)
Source of classification or shelving scheme Library of Congress Classification
Item type Book
Holdings
Withdrawn status Lost status Source of classification or shelving scheme Damaged status Not for loan Collection code Home library Current library Shelving location Date acquired Source of acquisition Cost, normal purchase price Total Checkouts Full call number Barcode Copy number Price effective from Koha item type
    Library of Congress Classification     Non-fiction Bishop Okullu Memorial Library (Limuru Campus) Bishop Okullu Memorial Library (Limuru Campus) General Circulation 03/09/2018 Donations-BTL 500.00   BT966.2 .A52 1992 059865 1 03/09/2018 Book